000 00284cam a2200109ua 4500
082 _a894.812308
_bBOL/AP
100 _aBol, Henrich .
_91734
245 _aAppam Kittatha Nalukal /
260 _aErnakulam :
_bSahitya Nilayam Publishing House ,
_c1965.
300 _a157 ; .
942 _cBK
999 _c4605
_d4605